[Event "POL-chT Ekstraliga 2018"]
[Site "Gorzow"]
[Date "2018.06.10"]
[Round "3"]
[White "Socko, Monika"]
[Black "Lach, Aleksandra"]
[Result "*"]
[WhiteElo "2458"]
[BlackElo "2209"]
[Annotator "TA"]
[PlyCount "23"]
[EventDate "2018.06.08"]
[EventType "team-tourn"]
[EventCountry "POL"]
[SourceTitle "playchess.com"]
[Source "ChessBase"]
[SourceQuality "1"]

{[%evp 6,6,31]} 1. d4 g6 2. e4 Bg7 3. c4 e6 {Vorgänger:} 4. Nf3 $146 Ne7 5. Be2 O-O 6. O-O d5 7. cxd5 exd5 8. e5 Nd7 9. Nc3 f6 10. exf6 Nxf6 11. Bf4 c6 12. Be5 {1-0 (25) Yu,Y (2760)-Dubov,D (2696) Liaocheng 2018} *

[Event "POL-chT Ekstraliga 2018"]
[Site "Gorzow"]
[Date "2018.06.10"]
[Round "3"]
[White "Butkiewicz, Lukasz"]
[Black "Dziuba, Marcin"]
[Result "1/2-1/2"]
[WhiteElo "2449"]
[BlackElo "2577"]
[Annotator "TA"]
[PlyCount "84"]
[EventDate "2018.06.08"]
[EventType "team-tourn"]
[EventCountry "POL"]
[SourceTitle "playchess.com"]
[Source "ChessBase"]
[SourceQuality "1"]

{[%evp 14,84,0,0,7,7,7,7,5,15,28,9,27,0,0,0,0,0,9,0,0,0,31,0,42,-52,0,-64,-50,-99,-114,-148,-161,-426,-425,-385,-343,-418,-227,-206,-228,-220,-158,-209,-208,-212,-193,-261,-221,-194,43,0,87,-14,-10,-12,0,-16,0,0,100,104,108,85,183,206,180,189,245,246,269,316,218]} 1. d4 d5 2. c4 c6 3. Nf3 Nf6 4. e3 Bf5 5. Nc3 e6 6. Qb3 Qb6 7. c5 Qc7 8. Nh4 Bg6 {D12: Slav Defence: 3 Nf3 Nf6 4 e3 Bf5} 9. Nxg6 hxg6 10. g3 (10. Bd2 Nbd7 11. g3 e5 12. Bg2 Be7 13. O-O Kf8 14. Qc2 g5 15. b4 Kg8 16. Rae1 {0-1 (61) Petrosyan,M (2569)-Korobov,A (2664) Moscow 2018}) 10... Nbd7 {The position is equal.} 11. Bg2 e5 12. O-O g5 13. Re1 e4 $146 ({Predecessor:} 13... O-O-O 14. Qa4 a6 15. b4 e4 16. Qb3 {0-1 (56) Spacek,O (2249)-Mraz,O (2147) Liptovsky Mikulas 2015}) 14. f3 exf3 15. Bxf3 {Threatens to win with e4.} O-O-O 16. Qa4 a6 17. b4 Be7 18. Re2 g4 (18... Rxh2 $5 19. Kxh2 g4 $14) 19. Bh1 {[#]} (19. Bg2 $14) 19... Nf8 (19... Rxh2 $1 $15 {[%mdl 512]} 20. Kxh2 (20. Rxh2 Qxg3+) 20... Rh8+ 21. Kg2 Nh5) 20. Qc2 (20. Bg2 $11) 20... Ne6 21. Bd2 g6 22. Rf1 Rh5 $1 23. Ref2 $2 (23. Qd3 {keeps fighting.}) 23... Rdh8 $19 24. Ne2 Ng5 $1 {[%cal Rg5h3] Strongly threatening ...Nh3+.} 25. Nf4 {[#]} R5h7 (25... Qxf4 $142 $3 {[%mdl 512]} 26. exf4 Nh3+ 27. Kg2 Ne4) 26. Be1 Nfe4 27. Re2 Qd7 28. a4 (28. b5 $17) 28... Bd8 $1 29. b5 Bc7 (29... cxb5 30. axb5 Qxb5 31. Qa2 $17) 30. h4 (30. bxa6 {is a better defense.} bxa6 31. Qd3) 30... gxh3 (30... cxb5 31. axb5 axb5 32. Qa2 $14) 31. Bxe4 Bxf4 $2 ({Don't play} 31... dxe4 32. bxa6 bxa6 33. Kh1 $17) ({Black should try} 31... Nxe4 $19 32. bxc6 bxc6) 32. bxa6 {aiming for a7.} bxa6 ({Of course not} 32... dxe4 $6 33. a7 $16) (32... Nxe4 $11 33. a7 Kc7) 33. Bd3 (33. Bxg6 $1 $16 fxg6 34. exf4) 33... Bc7 $11 34. Bxa6+ Kd8 {Black wants to play ...Qg4.} 35. Bd3 Qg4 {And now ...Nf3+ would win.} 36. Kh1 Bxg3 (36... f5 $11) 37. Bxg3 $16 Qxg3 38. Qb3 {Black must now prevent Rf4.} Qc7 {[#]} (38... Kd7 $16 {was called for.}) 39. a5 $1 $18 {[%cal Ba4a5,Ba5a6][%mdl 1568] White has strong compensation.} Kd7 (39... Qxa5 40. Qb8+) 40. a6 Rb8 {[#]} (40... Ne6 {was worth a try.}) 41. Qc2 $1 Ne6 42. Ref2 f5 {Precision: White = 50%, Black = 44%.} 1/2-1/2

[Event "POL-chT Ekstraliga 2018"]
[Site "Gorzow"]
[Date "2018.06.10"]
[Round "3"]
[White "Butkiewicz, Lukasz"]
[Black "Dziuba, Marcin"]
[Result "*"]
[WhiteElo "2449"]
[BlackElo "2577"]
[Annotator "TA"]
[PlyCount "30"]
[EventDate "2018.06.08"]
[EventType "team-tourn"]
[EventCountry "POL"]
[SourceTitle "playchess.com"]
[Source "ChessBase"]
[SourceQuality "1"]

{[%evp 7,7,26]} 1. d4 d5 2. c4 c6 3. Nf3 Nf6 4. e3 {Vorgänger:} Bf5 $146 5. Nc3 a6 6. Bd3 Bg6 7. O-O e6 8. Qe2 Bh5 9. Rd1 Bb4 10. e4 Bxc3 11. bxc3 dxe4 12. Bxe4 Nxe4 13. Qxe4 O-O 14. Ba3 Re8 15. Re1 Nd7 {½-½ (15) Kuzubov,Y (2663)-Fressinet,L (2651) Brest 2018} *

[Event "POL-chT Ekstraliga 2018"]
[Site "Gorzow"]
[Date "2018.06.10"]
[Round "3"]
[White "Zawadzka, Jolanta"]
[Black "Kulon, Klaudia"]
[Result "*"]
[WhiteElo "2434"]
[BlackElo "2356"]
[Annotator "TA"]
[PlyCount "47"]
[EventDate "2018.06.08"]
[EventType "team-tourn"]
[EventCountry "POL"]
[SourceTitle "playchess.com"]
[Source "ChessBase"]
[SourceQuality "1"]

{[%evp 25,26,0,27]} 1. e4 e5 2. Nf3 Nc6 3. Bb5 a6 4. Ba4 Nf6 5. O-O Be7 6. Re1 b5 7. Bb3 d6 8. c3 O-O 9. d4 Bg4 10. d5 Na5 11. Bc2 c6 12. h3 Bh5 13. dxc6 {C91: Closed Ruy Lopez: 7...d6 8 c3 0-0 9 d4} Qc7 {[#] LiveBook: 46 Games} {Predecessor:} 14. Nbd2 $146 Qxc6 15. Nf1 Bg6 16. Ng3 Rfe8 17. a4 Nc4 18. Qe2 d5 19. exd5 Nxd5 20. Bxg6 hxg6 21. axb5 axb5 22. Nxe5 Nxe5 23. Rxa8 Rxa8 24. Qxe5 {½-½ (30) Naiditsch,A (2626)-Carlsen,M (2548) Warsaw 2005} *

[Event "POL-chT Ekstraliga 2018"]
[Site "Gorzow"]
[Date "2018.06.10"]
[Round "3"]
[White "Zawadzka, Jolanta"]
[Black "Kulon, Klaudia"]
[Result "1/2-1/2"]
[WhiteElo "2434"]
[BlackElo "2356"]
[Annotator "TA"]
[PlyCount "90"]
[EventDate "2018.06.08"]
[EventType "team-tourn"]
[EventCountry "POL"]
[SourceTitle "playchess.com"]
[Source "ChessBase"]
[SourceQuality "1"]

{[%evp 28,90,41,35,43,37,39,47,41,61,65,64,55,52,47,13,22,20,18,31,23,0,7,0,0,0,0,-7,-5,-20,-24,-40,-36,-33,-32,-35,0,0,176,-31,-28,-27,0,-1,0,-66,-38,-70,-8,-20,-20,-20,-20,-20,-20,-43,-41,-42,0,-44,0,-45,0,0,0]} 1. e4 e5 2. Nf3 Nc6 3. Bb5 {[%cal Bf1b5,Bb5a4,Ba4b3][%mdl 32]} a6 4. Ba4 Nf6 5. O-O Be7 6. Re1 b5 7. Bb3 d6 8. c3 O-O 9. d4 Bg4 10. d5 Na5 11. Bc2 c6 12. h3 Bh5 13. dxc6 Qc7 14. Nbd2 {[%cal Bb1d2,Bd2f1,Bf1g3][%mdl 32]} Rad8 15. Qe2 {LiveBook: 4 Partien. C91: Spanische Partie (Abweichungen von der Hauptvariante)} (15. a4 Nxc6 16. axb5 axb5 17. Qe2 b4 18. Qc4 Rc8 19. Nh4 Rfd8 20. Nf5 Bg6 21. Qxc6 Bxf5 22. Qxc7 Rxc7 23. exf5 bxc3 24. bxc3 Rxc3 {1-0 (32) Korneev,O (2597)-Babujian,L (2474) Rasht 2012}) 15... Qxc6 16. Nf1 Rfe8 17. Ng3 {Weiß steht etwas besser.} Bg6 18. a4 Nc4 19. axb5 $146 ({Vorgänger:} 19. Bd3 d5 20. exd5 Bxd3 21. dxc6 Bxe2 22. Nxe2 b4 {0-1 (66) Kavcic,Z (2335)-Persl,B (2093) Gostovanja 2009}) 19... axb5 20. b3 Nb6 21. Bd2 {Ld3 ist eine echte Drohung.} Na8 22. Rec1 Nc7 23. b4 Bf8 24. c4 Qb7 25. cxb5 d5 {[%cal Rf6e4]} 26. Bg5 Nxb5 {[%cal Rd5e4]} 27. Bxf6 gxf6 28. Ba4 Rb8 {[%cal Rd5e4]} 29. exd5 Qxd5 30. Rd1 Qb7 31. Rac1 Bxb4 32. Nh4 Ba3 $2 {[#]} (32... Rf8 $1 $11 {und Schwarz steht sicher.}) 33. Rc4 $2 (33. Rb1 $1 $18 {[%mdl 512]}) 33... Red8 $15 34. Nhf5 Nd6 35. Nxd6 Rxd6 36. Rxd6 (36. h4 $11) 36... Bxd6 37. Bc2 Qb2 ({Lieber} 37... Qa6 $15 38. Bf5 Qa5) 38. Rc6 {Schwarz muss nun Lxg6 beachten.} Be7 39. Qg4 Qc1+ 40. Kh2 {Droht Lxg6 und aus.} Qd2 41. Ne4 Qd8 {Und weiter mit ...f5 wäre nett.} 42. Ng3 $1 Qd2 (42... Rb4 $5 {[%cal Rb4g4]} 43. Qc8 Qxc8 44. Rxc8+ Kg7 $17) 43. Ne4 Qd8 {Droht stark ...f5.} 44. Ng3 $1 Bf8 45. Nh5 Be7 {Precision: Weiß = 54%, Schwarz = 57%.} 1/2-1/2

[Event "POL-chT Ekstraliga 2018"]
[Site "Gorzow"]
[Date "2018.06.10"]
[Round "3"]
[White "Szelag, Marcin"]
[Black "Murdzia, Piotr"]
[Result "0-1"]
[WhiteElo "2421"]
[BlackElo "2414"]
[Annotator "TA"]
[PlyCount "58"]
[EventDate "2018.06.08"]
[EventType "team-tourn"]
[EventCountry "POL"]
[SourceTitle "playchess.com"]
[Source "ChessBase"]
[SourceQuality "1"]

{[%evp 21,58,20,23,18,22,17,19,11,14,15,6,12,29,14,33,20,25,37,33,-25,-6,-5,-14,-12,-16,-34,-31,-51,0,0,0,0,0,0,0,0,0,0,0]} 1. e4 e5 2. Nf3 Nc6 3. Bb5 a6 4. Ba4 Nf6 5. O-O b5 {[%cal Bb7b5,Bb5b4][%mdl 32]} 6. Bb3 Bb7 7. d3 Be7 8. Nc3 d6 9. a4 b4 10. Nd5 Nxd5 11. Bxd5 O-O 12. c3 {C84: Closed Ruy Lopez: Unusual White 6th moves} (12. Bd2 Rb8 13. c3 bxc3 14. Bxc3 Qd7 15. Re1 Bf6 16. Bxc6 Qxc6 17. d4 Rfe8 18. Rc1 Qb6 19. d5 c6 20. dxc6 Bxc6 21. Qxd6 {0-1 (47) Nijboer,F (2560)-Fedorchuk,S (2633) Budva 2009}) 12... Rb8 13. Be3 bxc3 14. bxc3 Na5 15. Ba2 $146 ({Predecessor:} 15. Qc2 Qd7 16. Rfb1 Bxd5 17. exd5 f5 18. c4 Bf6 19. Bg5 e4 20. Bxf6 exf3 {½-½ (47) Lacina,A (2208)-Borkovec,M (2281) Czechia 2008}) 15... c5 16. Qc2 Qc7 17. Nd2 Bc8 18. Bd5 Be6 19. Qa2 Qd7 20. Nc4 (20. Rab1 $14) 20... Bxd5 $11 21. exd5 Nxc4 22. Qxc4 Qb7 23. f4 Bf6 24. g4 {[%cal Bg2g4,Bg4g5,Bg5f6][%mdl 32]} Rfe8 (24... Qb3 $15) 25. g5 {The position is equal.} exf4 26. gxf6 Rxe3 (26... fxe3 27. Qg4 $18) 27. Qxf4 {[#] Hoping for Qg5.} Re5 $1 ({But not} 27... Rxd3 $2 28. Qg5 $18) 28. c4 $1 g5 29. Qg4 Qb2 {[%mdl 32768] Precision: White = 57%, Black = 76%. . Loss on Time!?} 0-1

[Event "POL-chT Ekstraliga 2018"]
[Site "Gorzow"]
[Date "2018.06.10"]
[Round "3"]
[White "Tomczak, Mikolaj"]
[Black "Dragun, Kamil"]
[Result "1-0"]
[WhiteElo "2418"]
[BlackElo "2601"]
[Annotator "TA"]
[PlyCount "77"]
[EventDate "2018.06.08"]
[EventType "team-tourn"]
[EventCountry "POL"]
[SourceTitle "playchess.com"]
[Source "ChessBase"]
[SourceQuality "1"]

{[%evp 23,77,7,34,9,12,9,9,9,9,9,8,6,14,0,0,0,0,0,0,0,0,-12,-10,-9,0,0,0,-8,0,-10,-8,-12,112,119,120,5,4,0,0,0,88,77,304,299,304,309,308,306,306,305,450,464,476,356,515,468]} 1. Nf3 Nf6 2. c4 g6 3. Nc3 Bg7 4. e4 d6 5. d4 O-O 6. Be2 e5 7. Be3 exd4 8. Nxd4 Re8 9. f3 c6 10. Qd2 d5 11. exd5 cxd5 12. O-O Nc6 13. Rfd1 {E92: King's Indian: Classical: 6 Be2 e5: 7 dxe5, 7 Be3 and Petrosian System without 7...Nbd7} (13. Rad1 dxc4 14. Nxc6 Qxd2 15. Bxd2 bxc6 16. Bxc4 Be6 17. Bxe6 Rxe6 18. Rfe1 Rxe1+ 19. Bxe1 Nd5 20. Nxd5 cxd5 {½-½ (33) Onischuk,A (2660)-Shulman,Y (2571) Saint Louis 2012}) 13... Nxd4 14. Bxd4 dxc4 $1 15. Bxc4 {The position is equal.} Be6 16. Bb5 Rf8 $1 17. Qf2 Qa5 18. Rac1 $146 ({Predecessor:} 18. Bf1) 18... Rfd8 19. Bf1 Rd7 20. Bb5 Rd6 {aiming for ...Rad8.} 21. Bf1 a6 22. Bc5 Rxd1 23. Rxd1 Rc8 24. Bd4 Qb4 25. a3 Qb3 26. Re1 Rd8 {Threatens to win with ...Ng4.} 27. Be5 Nh5 (27... Bc4 $11) 28. Bxg7 $1 $16 Kxg7 29. Ne4 (29. Re4 $1 $16 {[%cal Re4b4]} a5 30. Re5) 29... Qd5 $11 30. b4 Nf6 31. Nc5 Bd7 (31... Bf5 $11) 32. Re3 $1 $16 {[%cal Be1e3,Be3d3,Bd3d6][%mdl 32]} Re8 $2 {[#]} (32... b6 $16 33. Rd3 (33. Nxa6 Rc8 $11) (33. Nxd7 Rxd7 34. Rd3 Qc6 $11) 33... Qe5) 33. Rd3 $1 $18 {[%cal Rd3d5]} Qc6 {[#]} 34. Qd2 $1 Be6 35. Rd6 Qc7 36. Qd4 Qe7 (36... Kg8 {was called for.} 37. Rxe6 fxe6) 37. Ne4 h6 38. Bc4 {Strongly threatening Bxe6.} Rf8 (38... g5 $142 39. Bxe6 fxe6) 39. Qe5 {Precision: White = 69%, Black = 56%.} 1-0

[Event "POL-chT Ekstraliga 2018"]
[Site "Gorzow"]
[Date "2018.06.10"]
[Round "3"]
[White "Szczepkowska, Karina"]
[Black "Leks, Maria"]
[Result "0-1"]
[WhiteElo "2412"]
[BlackElo "2145"]
[Annotator "TA"]
[PlyCount "64"]
[EventDate "2018.06.08"]
[EventType "team-tourn"]
[EventCountry "POL"]
[SourceTitle "playchess.com"]
[Source "ChessBase"]
[SourceQuality "1"]

{[%evp 14,64,10,-21,-6,-62,0,-7,23,-5,103,77,76,80,131,53,66,55,145,138,142,163,156,162,183,45,98,20,260,49,258,0,0,-15,0,-415,-400,-392,-351,-364,-250,-1165,-1112,-29988,-29989,-29989,-29990,-29996,-2106,-29997,-29998,-29998,-29999]} 1. d4 d5 2. c4 c6 3. Nc3 Nf6 4. e3 e6 5. Nf3 Nbd7 6. Qc2 Bd6 7. g4 h6 8. Rg1 e5 {D45: Semi-Slav: 5 e3} 9. Be2 $146 (9. cxd5 $11 cxd5 10. Nb5) ({Predecessor:} 9. cxd5 cxd5 10. Nb5 Bb8 11. g5 hxg5 12. Nxg5 e4 13. Bd2 Nb6 14. Qc5 Bd7 15. Nd6+ Bxd6 16. Qxd6 {½-½ (30) Rapport,R (2752)-Ragger,M (2697) Baku 2016}) 9... e4 (9... exd4 $15 10. Nxd4 dxc4) 10. Nd2 $11 a6 {The position is equal.} 11. Qb3 {[%cal Rc4d5]} c5 (11... b5 $11) 12. cxd5 cxd4 13. exd4 Qe7 (13... Nb6 $142) 14. Nf1 (14. h4 $16) 14... b5 $14 15. h4 O-O (15... Nb6 $14) 16. g5 $16 hxg5 17. Bxg5 Nb6 18. Ne3 Bb4 19. Bg4 (19. Bxf6 $18 Bxc3+ 20. Qxc3 (20. bxc3 Qxf6 21. Rg2 Bh3 $14) 20... Qxf6 21. Qc6 Qxc6 22. dxc6) 19... Qd6 ({Black should play} 19... Nc4 $1 $14) 20. Bxc8 (20. Bxf6 $1 $16 Bxc3+ 21. Qxc3 (21. bxc3 Qxf6 22. h5 Rb8 $11) 21... Qxf6 22. Qc6 Qxd4 23. Rd1 Qb4+ 24. Rd2) 20... Raxc8 $2 {[#]} (20... Bxc3+ $11 {and Black has nothing to worry.} 21. bxc3 Rfxc8) 21. Nf5 $2 (21. Ke2 $1 $18) 21... Bxc3+ $2 {[#]} (21... Qh2 $14 22. Ke2 Nfxd5 23. Nxd5 Nxd5) 22. bxc3 $2 (22. Ke2 $1 $18 Qd7 23. Bxf6 Qxf5 24. Rxg7+ Kh8 25. Rg5+ Qxf6 26. Rh5+ Kg7 27. Rg1+ Qg6 28. Rhg5) 22... Qh2 $36 {[%mdl 2048] Black has good play.} 23. Ne7+ Kh8 24. Ke2 $2 {[%mdl 8192] [#]} (24. Rf1 $1 $11) 24... e3 $1 $19 {[%mdl 512]} 25. Bxe3 (25. Kxe3 Rxc3+) 25... Rce8 26. d6 Nc4 27. Nf5 $2 (27. Qb4 Ne4 28. Kf3 (28. d7 $2 Nxe3 29. dxe8=N Qxf2+ 30. Kd3 Qf3 $19) 28... Nxe3 29. Kxe3) 27... Nd5 28. d7 Rxe3+ 29. Nxe3 Nf4+ 30. Kf3 Nd2+ 31. Kg4 {[#]} f5+ $1 {[%mdl 512]} 32. Nxf5 Qh3+ {Precision: White = 33%, Black = 43%.} 0-1

[Event "POL-chT Ekstraliga 2018"]
[Site "Gorzow"]
[Date "2018.06.10"]
[Round "3"]
[White "Nguyen, Piotr"]
[Black "Skawinski, Arkadiusz"]
[Result "1-0"]
[WhiteElo "2397"]
[BlackElo "2425"]
[Annotator "TA"]
[PlyCount "69"]
[EventDate "2018.06.08"]
[EventType "team-tourn"]
[EventCountry "POL"]
[SourceTitle "playchess.com"]
[Source "ChessBase"]
[SourceQuality "1"]

{[%evp 18,69,7,-2,16,16,26,37,33,29,5,4,12,9,44,39,59,49,72,57,67,68,109,74,291,296,285,278,298,139,122,104,124,127,120,126,120,122,123,115,121,91,91,91,83,74,29974,29975,29973,29974,29972,29973,29998,29999]} 1. c4 e6 2. g3 d5 3. Bg2 dxc4 4. Qa4+ Nd7 5. Qxc4 a6 (5... c5 6. Nf3 Ngf6 7. O-O b6 8. Nd4 Ne5 9. Nc6 Nxc4 10. Nxd8 Nd5 11. Nc3 Kxd8 12. Nxd5 Bb7 13. Nc3 Bxg2 14. Kxg2 Be7 15. Rd1 Bf6 16. d4 Ke7 17. dxc5 Bxc3 18. bxc3 bxc5 19. Kf3 {½-½ (19) Aronian,L (2785)-Cheparinov,I (2689) Doha 2016}) 6. Qb3 {A13: Reti-Eröffnung} Rb8 7. Nf3 b5 8. d4 Bb7 9. Bf4 $146 ({Vorgänger:} 9. O-O c5 10. Rd1 Ngf6 11. Bg5 Qb6 12. a4 c4 13. Qc2 {0-1 (59) Berescu,A (2461)-Rusev,K (2556) Golden Sands 2013}) 9... Ngf6 10. O-O {LiveBook: 4 Partien} Bd6 11. Ne5 Bxg2 12. Kxg2 {Und weiter mit Sc6 wäre nett.} Bxe5 13. Bxe5 O-O 14. Rd1 Qc8 15. Nd2 Qb7+ 16. Qf3 Nd5 17. Nb3 Rbc8 18. Rac1 Qb6 19. e4 Nb4 20. Nc5 Rcd8 $2 (20... Nxe5 $16 21. dxe5 Rfd8) 21. Nxd7 $18 Rxd7 {[#]} 22. d5 $1 exd5 {[#]} 23. exd5 (23. Bxg7 $1 $18 {[%mdl 512]} Kxg7 24. Qg4+ Qg6 25. Qxd7 Qxe4+ 26. Kg1) 23... Rfd8 $16 {[%cal Rb4d5] [#]} 24. Bxg7 $1 $40 {[%mdl 640] Droht stark Lf6. Weiss geht auf den König.} Kxg7 25. Qg4+ Qg6 26. Qxb4 Qf5 27. Rc5 Rxd5 28. Rdxd5 Rxd5 29. Rxc7 {[%mdl 4096] Endspiel KDT-KDT} Rd3 30. Rc5 Qf3+ 31. Kh3 Qxf2 $2 {[%mdl 8192]} (31... h6 $16) 32. Qg4+ {Weiß setzt Matt.} Kf8 33. Rc8+ Ke7 34. Qe4+ Kd7 35. Qc6+ {Precision: Weiß = 75%, Schwarz = 42%.} 1-0

[Event "POL-chT Ekstraliga 2018"]
[Site "Gorzow"]
[Date "2018.06.10"]
[Round "3"]
[White "Luch, Michal"]
[Black "Wcislo, Damian"]
[Result "1/2-1/2"]
[WhiteElo "2395"]
[BlackElo "2399"]
[Annotator "TA"]
[PlyCount "81"]
[EventDate "2018.06.08"]
[EventType "team-tourn"]
[EventCountry "POL"]
[SourceTitle "playchess.com"]
[Source "ChessBase"]
[SourceQuality "1"]

{[%evp 23,81,44,51,35,33,29,20,24,48,12,12,14,15,12,12,0,15,0,0,0,0,0,8,9,18,6,10,6,6,7,14,0,7,7,7,0,7,0,8,0,0,0,9,8,6,0,0,0,0,0,0,0,0,0,0,0,0,0,0,0]} 1. d4 d5 2. c4 c6 3. Nf3 Nf6 4. Qc2 e6 5. Nbd2 Nbd7 6. g3 Bd6 7. Bg2 O-O 8. O-O Qe7 9. b3 b6 10. e4 Nxe4 11. Nxe4 dxe4 12. Qxe4 Bb7 {LiveBook: 8 Games} 13. Bg5 {E01: Catalan: Early deviations} (13. Re1 {with more complications.} Nf6 14. Qc2 Rfd8 15. a3 Rab8 16. b4) (13. Re1 Rae8 14. Bb2 Ba8 15. Rad1 e5 16. dxe5 c5 17. Qb1 Bb8 18. Rxd7 Qxd7 19. Ng5 g6 20. Bxa8 Qd8 21. Nf3 Re7 22. Bd5 Rfe8 23. h4 Qd7 24. Qe4 {1-0 (24) Noritsyn,N (2532)-Szalay,K (2346) Toronto 2009}) 13... Nf6 14. Qe2 $146 ({Predecessor:} 14. Bxf6 gxf6 15. Nd2 Rab8 16. Qe2 f5 17. Rad1 Qf6 18. Nf3 Rfd8 19. Ne5 Bxe5 20. Qxe5 Qxe5 21. dxe5 {½-½ (71) Matjushin,O (2213)-Shkuta,I (2166) Kiev 1999}) 14... c5 15. Rad1 cxd4 16. Rxd4 Rad8 {The position is equal.} 17. Rfd1 Bc5 18. Rxd8 Rxd8 19. Ne5 Bxg2 20. Kxg2 {[#] Nc6 is the strong threat.} Rxd1 21. Qxd1 h6 22. Bxf6 gxf6 23. Nd3 Qd6 24. Qf3 Kg7 25. Nxc5 (25. g4 {is interesting.} Bd4 26. h4 a5 27. Nf4 Be5 28. Nh5+) 25... Qxc5 $11 {[%mdl 4096] Endgame KQ-KQ} 26. Qc3 a5 27. h4 Qa3 28. Qd2 Qc5 29. Qc3 Qa3 30. Qd2 Qc5 31. Qc1 Qc6+ 32. Kg1 Qc5 33. Qf4 h5 34. g4 hxg4 35. Qxg4+ Kh7 36. Kg2 Qe5 37. Qf3 Qd4 38. Kh3 {[#] Hoping for Qh5+.} f5 39. Qh5+ Kg7 40. Qg5+ Kh7 41. Qh5+ {Precision: White = 31%, Black = 66%.} 1/2-1/2

[Event "POL-chT Ekstraliga 2018"]
[Site "Gorzow"]
[Date "2018.06.10"]
[Round "3"]
[White "Mikrut, Dariusz"]
[Black "Kanarek, Marcel"]
[Result "1/2-1/2"]
[WhiteElo "2379"]
[BlackElo "2505"]
[Annotator "TA"]
[PlyCount "91"]
[EventDate "2018.06.08"]
[EventType "team-tourn"]
[EventCountry "POL"]
[SourceTitle "playchess.com"]
[Source "ChessBase"]
[SourceQuality "1"]

{[%evp 30,91,0,0,6,8,6,0,0,0,16,16,17,17,33,14,9,7,8,8,31,9,10,7,15,-8,81,0,0,0,4,0,0,-39,-9,-55,-41,-60,14,-39,25,25,22,-44,0,0,18,7,45,40,36,0,116,9,13,0,72,73,70,71,193,0,0,-145]} 1. d4 Nf6 2. c4 g6 3. Nc3 Bg7 4. e4 d6 5. Nf3 O-O 6. Be2 e5 7. dxe5 dxe5 8. Qxd8 Rxd8 9. Bg5 c6 10. Nxe5 Re8 11. O-O-O Na6 12. Nf3 Bg4 13. e5 {E92: Königsindisch (Klassisches System)} Nd7 14. h3 Bxf3 15. Bxf3 Nxe5 16. Be2 {LiveBook: 4 Partien} Nc5 17. Be3 Ned7 18. Kc2 $146 ({Vorgänger:} 18. Rd2 Re7 19. Rhd1 Rae8 20. Kc2 Bxc3 21. bxc3 Rxe3 22. fxe3 Rxe3 {0-1 (39) Torrecillas Martinez,A (2360)-Hernandez,G (2540) Benasque 1997}) 18... Bxc3 19. bxc3 Rxe3 (19... Re5 {feels hotter.} 20. Bg4 f5 21. Bf3 Rae8 22. Rd2 Kf7) 20. fxe3 Re8 21. Rhe1 Kf8 22. Bf1 Re5 23. Rd4 Ke7 24. g4 h5 25. h4 Ne6 26. Be2 Rxe3 27. gxh5 {Droht stark Tdd1.} gxh5 (27... Nxd4+ $11 28. cxd4 c5) 28. Kd2 (28. Rdd1 $16) 28... Re5 $11 29. Rd3 Ra5 $1 30. Ke3 Rxa2 31. Bxh5 Ne5 32. Rdd1 (32. Rd4 $5) 32... Nxc4+ 33. Kf3 Rc2 ({Lieber} 33... Ra5 $15 34. Bg4 f5) 34. Rd3 (34. Rc1 $11 Rxc1 35. Rxc1) 34... Nb2 (34... f5 $15 35. Kg3 Kf6) 35. Rde3 $1 Nc4 36. Rd3 (36. R3e2 $11 Rxe2 37. Kxe2) 36... f6 37. Kg3 $1 Ne5 38. Rde3 Nc7 {Weiss sollte ...Sd5 verhindern.} 39. Bg6 {[%mdl 1024] Weiss hat Kompensation.} Rd2 40. h5 (40. Rd3 $5 Rxd3+ 41. Bxd3 $14) 40... Kf8 {[#]} (40... Rd8 $1 $11 {hält das Gleichgewicht.}) 41. Bf5 (41. Rf1 $1 $16 Kg8 42. c4 (42. Rxf6 Nd5 $14)) 41... Kg7 42. Kh3 Nd5 (42... Rf2 $11 {bleibt in der Remisbreite.} 43. Be4 Ne6) 43. Rg3+ $16 Kh6 {Und ...Sf4+ würde nun gewinnen.} 44. Rf1 $1 Kxh5 {[#]} (44... Nc4 $16) 45. Rg7 $2 ({Weiss braucht} 45. Be4 $1 $18) 45... Ne3 $17 ({Vergiftet wäre} 45... Nxc3 $2 46. Rf4 $18) 46. Rh7+ {Precision: Weiß = 36%, Schwarz = 36%.} 1/2-1/2

[Event "POL-chT Ekstraliga 2018"]
[Site "Gorzow"]
[Date "2018.06.10"]
[Round "3"]
[White "Majdan, Joanna"]
[Black "Przezdziecka, Ewa"]
[Result "1-0"]
[WhiteElo "2371"]
[BlackElo "2165"]
[Annotator "TA"]
[PlyCount "67"]
[EventDate "2018.06.08"]
[EventType "team-tourn"]
[EventCountry "POL"]
[SourceTitle "playchess.com"]
[Source "ChessBase"]
[SourceQuality "1"]

{[%evp 14,67,36,-28,52,51,73,16,5,9,28,-29,0,-8,131,118,120,105,143,148,145,156,161,130,179,186,163,161,200,187,231,211,188,170,314,278,283,262,272,272,256,254,251,228,343,339,525,516,884,842,1079,1045,1155,1125,1435,1374]} 1. e4 e5 2. Nf3 Nf6 {[%cal Bg8f6,Bf6e4,Be4g5,Bg5e6][%mdl 32]} 3. Nxe5 d6 4. Nf3 Nxe4 5. c4 Be7 6. d4 Bg4 7. h3 {C42: Petroff Defence: 3 Nxe5 and unusual White 3rd moves} Bh5 8. Qb3 {LiveBook: 5 Games} (8. Bd3 $14 Ng5 9. Bxg5 Bxg5 10. Qe2+ Be7 11. Nc3) 8... Bxf3 (8... O-O $11) 9. gxf3 $14 {[%cal Bg2f3,Bf3f4,Bf4f5][%mdl 32] White is slightly better.} Ng5 10. Qxb7 (10. Bg2 $16 {Threatens to win with f4.} Nd7 11. Nc3 (11. Qxb7 Ne6 $11)) 10... Nd7 $11 11. f4 Ne6 12. Be3 $146 ({White should play} 12. Bg2 Rb8 13. Qe4 (13. Qxa7 Bf6 $11)) ({Predecessor:} 12. Bg2 Rb8 13. Qxa7 Bf6 14. Be3 c5 {½-½ (47) Kupreichik,V (2560)-Christensen,T (2380) Copenhagen 1993}) 12... Rb8 13. Qxa7 {[#] f5 is the strong threat.} Rxb2 (13... Bf6 $11 {remains equal.}) 14. f5 $36 {[%mdl 2048] Keeping Black busy.} Ng5 15. Bg2 {And now h4 would win.} h5 16. Nc3 {Black must now prevent Nb5.} O-O 17. Qa3 Rb8 18. Nd5 Nb6 19. Nxe7+ Qxe7 20. Qd3 d5 21. cxd5 Rfd8 22. O-O Nxd5 23. Bd2 Nb4 (23... Qf6 $142 24. Rfe1 Nh7) 24. Qe3 $18 Qxe3 25. Bxe3 ({But not} 25. fxe3 $6 Nd3 $18) 25... Nh7 26. Rfc1 Nd5 27. Rc5 Nhf6 28. a4 {[%cal Ba2a4,Ba4a5,Ba5a6,Ba6a7][%mdl 32]} Nxe3 (28... Ra8 $142 29. Bg5 Ra7) 29. fxe3 Rb3 (29... Rb6 $142 30. a5 Ra6 31. Rxc7 Nd5) 30. a5 {White is clearly winning.} Rdb8 (30... Nd7 $142 31. Rxc7 Nb8) 31. a6 Rb1+ 32. Rc1 Rxc1+ 33. Rxc1 Nd7 34. a7 {Precision: White = 71%, Black = 21%.} 1-0